000 01163cam a2200325 4500
999 _c23308
_d23308
001 vtls012008692
005 20220928132729.0
008 201211s2020 xo grn 010 fdslo
020 _a9788089822553
_q(viazané)
040 _aZKSE
_bslo
_cZKSE
_dSNK
_erda
041 1 _aslo
_heng
044 _axo
_cSK
072 7 _a821.111-3
_xAnglická próza, anglicky písaná
_2konspekt
080 _a821.111-31
_22011
100 1 _aCallahan, Patti
_4aut
_93306
240 1 0 _aBecoming mrs. Lewis
_lSlovensky
245 1 0 _aAko som sa stala pani Lewisovou
_bnepravdepodobný príbeh lásky medzi Joy Davidmanovou a C. S. Lewisom
_cPatti Callahanová ; z anglického originálu Becoming mrs. Lewis: preložil Samuel Marec
250 _aPrvé vydanie
264 1 _a[Spišské Hanušovce]
_bi527.net
_c2020
300 _a167 strán
_c21 cm
336 _atext
_btxt
_2rdacontent
337 _abez média
_bn
_2rdamedia
338 _azväzok
_bnc
_2rdacarrier
500 _aMiesto vydania podľa NA ISBN
655 7 _aanglické romány
_2SNKPH
_98
655 7 _ahistorické romány
_2SNKPH
_91688
700 1 _aMarec, Samo,
_d1982-
_4trl
_93307
958 _aOP
958 _aLX